000 00468nam a2200193Ia 4500
005 20240823062614.0
008 240823s9999||||xx |||||||||||||| ||und||
041 _aENGLISH
082 _A658.312404 N4
100 _aGagliardi Rall
245 0 _aEnvironmental Tranning
250 _a1st
260 _c1994
_b"Oxford & IBH,New Delhi"
500 _aYES
650 _aEnvironment
_bManagement Studies
700 _a Afthan Torkel
942 _cBK
999 _c236272
_d236272